[Event "Belt and Road Women-ch 2020"]
[Site "Xi'an"]
[Date "2020.12.05"]
[Round "7.2"]
[White "Atalik, Ekaterina"]
[Black "Muzychuk, Mariya"]
[Result "0-1"]
[WhiteElo "2430"]
[BlackElo "2544"]
[Annotator "TA"]
[PlyCount "86"]
[EventDate "2020.12.03"]
[EventCountry "CHN"]
[SourceTitle "playchess.com"]
[Source "ChessBase"]
[SourceQuality "1"]

{[%evp 9,86,0,7,0,8,-16,0,-36,-39,-43,-6,-37,-45,-31,-8,-8,-17,-43,-34,-37,-44,-58,-60,-54,-56,-50,-50,-38,-31,-61,-54,-89,-90,-114,-93,-129,-111,-133,-138,-222,-215,-302,-81,-81,-64,-55,-64,-133,-135,-137,-161,-153,-153,-158,-147,-429,-437,-470,-470,-467,-467,-679,-714,-935,-919,-1361,-1095,-2322,-4133,-1688,-817,-4133,-2810,-2308,-1989,-29983,-29984,-29984,-29985]} 1. Nf3 Nf6 2. e3 g6 3. c4 Bg7 4. Be2 O-O 5. O-O c5 6. Nc3 {A15: English Opening: 1...Nf6.} Nc6 7. b3 d5 {...d4 is the strong threat.} 8. cxd5 {The position is equal.} Nxd5 9. Bb2 Bf5 {[#]} 10. Qc1 $146 ({Predecessor:} 10. Nh4 Be6 11. f4 Qa5 12. Na4 Rad8 13. Qc1 Bxb2 14. Nxb2 Nf6 15. d3 Bd5 16. Nc4 Bxc4 17. Qxc4 {½-½ (68) Zaitsev,A (2375)-Sheremet,A (1830) Obninsk 2009}) 10... Ndb4 11. Na4 b6 12. Bxg7 Kxg7 13. Qb2+ f6 14. a3 Bd3 15. Bxd3 Nxd3 16. Qc3 Qd5 17. Nb2 Rfd8 18. Nxd3 Qxd3 19. Rfc1 a5 20. Qb2 e5 21. Rc4 Rd7 22. Rac1 Rad8 23. h4 Qf5 {Hoping for ...e4.} 24. R1c2 {[#]} (24. Qc2 $17 {keeps fighting.}) 24... e4 $1 $19 {[%cal Re4f3]} 25. Ng5 (25. Nd4 $142 Rxd4 26. exd4 Nxd4 27. Rxd4 Rxd4 28. Rc4) 25... Re7 $2 (25... Ne5 $19 26. Nxe4 Nd3 27. Qxf6+ Qxf6 28. Nxf6 Kxf6) 26. f3 $17 Ne5 27. Nxe4 Nxc4 28. Rxc4 (28. bxc4 $15 Re6 29. Ng5) 28... Qe5 $36 {[%mdl 2048] Black is really pushing.} 29. Qxe5 Rxe5 {[%mdl 4096] Endgame KRR-KRN} 30. d4 cxd4 31. Rc7+ Kf8 32. Nxf6 $2 {[%mdl 8192] [#] This move loses the game for White.} (32. exd4 $17 Re6 33. Rc4) 32... Re7 $1 $19 {[%cal Re7c7]} 33. Nxh7+ Ke8 34. Rxe7+ Kxe7 35. exd4 (35. Kf1 $142 dxe3 36. Ke2) 35... Rxd4 {KR-KN} 36. g4 Rd3 37. Ng5 Rxb3 38. h5 gxh5 39. gxh5 Kf6 (39... Rxa3 $142 40. Kf2 a4) 40. h6 Rxa3 41. h7 Kg7 42. f4 Rg3+ 43. Kf2 {[#]} Rxg5 $1 {[%mdl 576] Promotion.  Weighted Error Value: White=0.86/Black=0.34} 0-1

[Event "Belt and Road Women-ch 2020"]
[Site "Xi'an"]
[Date "2020.12.05"]
[Round "7.3"]
[White "Zhao, Xue"]
[Black "Khademalsharieh, Sarasadat"]
[Result "1-0"]
[WhiteElo "2486"]
[BlackElo "2494"]
[Annotator "TA"]
[PlyCount "39"]
[EventDate "2020.12.03"]
[EventCountry "CHN"]
[SourceTitle "playchess.com"]
[Source "ChessBase"]
[SourceQuality "1"]

{[%evp 9,39,-8,0,2,1,21,9,19,29,29,29,29,31,35,19,23,15,0,18,1,9,6,231,237,246,243,300,302,277,239,681,678]} 1. Nf3 d5 2. g3 g6 3. c4 dxc4 4. Na3 Bg7 5. Nxc4 c5 6. Bg2 {A09: Réti Opening: 1 Nf3 d5 2 c4.} Nc6 7. d3 Nf6 8. Be3 {The position is equal.} Nd4 9. Nxd4 cxd4 10. Bd2 O-O 11. O-O Nd5 12. Qb3 Rb8 {[#]} 13. Rfc1 $146 ({Predecessor:} 13. Na5 Nb6 14. Qa3 Re8 15. Rac1 e5 16. Bb4 Nd5 17. Bd6 Bf8 18. Bxf8 Rxf8 19. Nc4 {1-0 (27) Nikolac,J-Buljovcic,I Novi Sad 1965}) 13... Be6 14. Qa3 b5 15. Na5 {And now Nc6 would win.} Qd7 $2 {Loses the game.} (15... b4 $11 {and Black stays safe.} 16. Qa4 Qd6) 16. Nc6 $18 {[%mdl 64] Discovered Attack} Rb7 {[#]} 17. Rc5 $1 Bf6 18. Rac1 h5 19. Qa6 {Strongly threatening Bxd5.} b4 $2 (19... Rb6 20. Qa5 Kg7) 20. Bxd5 {Weighted Error Value: White=0.04/Black=0.66} 1-0

[Event "Belt and Road Women-ch 2020"]
[Site "Xi'an"]
[Date "2020.12.05"]
[Round "7.4"]
[White "Hou, Yifan"]
[Black "Lei, Tingjie"]
[Result "0-1"]
[WhiteElo "2658"]
[BlackElo "2505"]
[Annotator "RC"]
[PlyCount "198"]
[EventDate "2020.12.03"]
[EventCountry "CHN"]
[SourceTitle "playchess.com"]
[Source "ChessBase"]
[SourceQuality "1"]
[TimeControl "900+5"]

1. e4 {[%emt 0:00:01]} e5 {[%emt 0:00:10]} 2. Nf3 {[%emt 0:00:03]} Nc6 {[%emt 0:00:02]} 3. Bb5 {[%emt 0:00:02]} Nf6 {[%emt 0:00:02]} 4. d3 {[%emt 0:01:07]} Bc5 {[%emt 0:00:05]} 5. c3 {[%emt 0:00:01]} O-O {[%emt 0:00:03]} 6. O-O {[%emt 0:00:01]} d5 {[%emt 0:00:02]} 7. Nbd2 {[%emt 0:00:15]} dxe4 {[%emt 0:00:02]} 8. dxe4 {[%emt 0:00:01]} a5 {[%emt 0:00:02]} 9. Qe2 {[%emt 0:00:25]} Qe7 {[%emt 0:00:03]} 10. h3 {[%emt 0:00:20]} Nb8 {[%emt 0:00:24]} 11. Re1 {[%emt 0:01:10]} Bd7 {[%emt 0:00:47]} 12. Bd3 {[%emt 0:00:21]} Re8 {[%emt 0:02:19]} 13. Nf1 {[%emt 0:00:49]} Nh5 {[%emt 0:00:47]} 14. Bg5 {[%emt 0:03:48]} Qd6 {[%emt 0:02:03]} 15. Kh2 {[%emt 0:02:26]} h6 {[%emt 0:03:40]} 16. Be3 {[%emt 0:01:03]} Nc6 {[%emt 0:00:19]} 17. Rad1 {[%emt 0:00:09]} Bxe3 {[%emt 0:00:10]} 18. Qxe3 {[%emt 0:01:17]} Nf4 {[%emt 0:00:31]} 19. Bb5 {[%emt 0:00:40]} Qe7 {[%emt 0:01:29]} 20. g3 {[%emt 0:00:11]} Ng6 {[%emt 0:00:08]} 21. Qe2 {[%emt 0:00:27]} Qe6 {[%emt 0:00:44]} 22. Ng1 {[%emt 0:00:02]} Rad8 {[%emt 0:00:02]} 23. Ne3 {[%emt 0:00:05]} Nce7 {[%emt 0:00:32]} 24. Bc4 {[%emt 0:00:54]} Qb6 {[%emt 0:00:04]} 25. Rd2 {[%emt 0:00:00]} Be6 {[%emt 0:00:33]} 26. Red1 {[%emt 0:00:03]} Rxd2 {[%emt 0:00:04]} 27. Rxd2 {[%emt 0:00:01]} Bxc4 {[%emt 0:00:23]} 28. Nxc4 {[%emt 0:00:02]} Qc5 {[%emt 0:00:04]} 29. Nf3 {[%emt 0:00:27]} f6 {[%emt 0:00:11]} 30. Ne3 {[%emt 0:00:21]} Nf8 {[%emt 0:00:03]} 31. Qd3 {[%emt 0:00:04]} Ne6 {[%emt 0:00:35]} 32. Qd7 {[%emt 0:00:03]} Kf7 {[%emt 0:00:01]} 33. Rd5 {[%emt 0:00:28]} Qc6 {[%emt 0:00:14]} 34. Qxc6 {[%emt 0:00:02]} Nxc6 {[%emt 0:00:02]} 35. Nc4 {[%emt 0:00:03]} b6 {[%emt 0:00:30]} 36. a3 {[%emt 0:00:07]} Nc5 {[%emt 0:00:15]} 37. Nxa5 {[%emt 0:00:26]} Nxa5 {[%emt 0:00:02]} 38. b4 {[%emt 0:00:01]} Nab7 {[%emt 0:00:02]} 39. bxc5 {[%emt 0:00:02]} Nxc5 {[%emt 0:00:01]} 40. Nd2 {[%emt 0:00:04]} Ra8 {[%emt 0:00:01]} 41. Nb1 {[%emt 0:00:13]} Ke6 {[%emt 0:00:05]} 42. f3 {[%emt 0:00:02]} Nb7 {[%emt 0:00:08]} 43. Kg2 {[%emt 0:00:03]} Nd6 {[%emt 0:00:01]} 44. Rd2 {[%emt 0:00:12]} Nc4 {[%emt 0:00:01]} 45. Re2 {[%emt 0:00:07]} Rd8 {[%emt 0:00:02]} 46. Kf2 {[%emt 0:00:03]} Rd3 {[%emt 0:00:27]} 47. Re1 {[%emt 0:00:01]} h5 {[%emt 0:00:13]} 48. h4 {[%emt 0:00:01]} Kd6 {[%emt 0:00:06]} 49. Rg1 {[%emt 0:00:12]} Ke6 {[%emt 0:00:08]} 50. Ke2 {[%emt 0:00:02]} Rd8 {[%emt 0:00:07]} 51. Rc1 {[%emt 0:00:06]} Ra8 {[%emt 0:00:03]} 52. Rc2 {[%emt 0:00:02]} g5 {[%emt 0:00:05]} 53. Ra2 {[%emt 0:00:03]} gxh4 {[%emt 0:00:06]} 54. gxh4 {[%emt 0:00:01]} f5 {[%emt 0:00:02]} 55. Kd3 {[%emt 0:00:05]} b5 {[%emt 0:00:04]} 56. Rg2 {[%emt 0:00:11]} fxe4+ {[%emt 0:00:12]} 57. fxe4 {[%emt 0:00:09]} Rf8 {[%emt 0:00:06]} 58. Rg6+ {[%emt 0:00:05]} Kd7 {[%emt 0:00:01]} 59. Ke2 {[%emt 0:00:08]} Rf4 {[%emt 0:00:03]} 60. Kd3 {[%emt 0:00:08]} Rf3+ {[%emt 0:00:04]} 61. Kc2 {[%emt 0:00:04]} Rf2+ {[%emt 0:00:04]} 62. Kd3 {[%emt 0:00:02]} Rf1 {[%emt 0:00:10]} 63. Kc2 {[%emt 0:00:02]} Rh1 {[%emt 0:00:09]} 64. a4 {[%emt 0:00:15]} bxa4 {[%emt 0:00:04]} 65. Ra6 {[%emt 0:00:01]} Nb6 {[%emt 0:00:03]} 66. Nd2 {[%emt 0:00:06]} Rxh4 {[%emt 0:00:02]} 67. c4 {[%emt 0:00:01]} Rh2 {[%emt 0:00:06]} 68. Kd3 {[%emt 0:00:01]} Kd6 {[%emt 0:00:07]} 69. Nf3 {[%emt 0:00:06]} Rb2 {[%emt 0:00:10]} 70. c5+ {[%emt 0:00:13]} Kxc5 {[%emt 0:00:02]} 71. Nxe5 {[%emt 0:00:01]} Rb3+ {[%emt 0:00:10]} 72. Kc2 {[%emt 0:00:03]} Re3 {[%emt 0:00:05]} 73. Ra5+ {[%emt 0:00:05]} Kb4 {[%emt 0:00:11]} 74. Nc6+ {[%emt 0:00:02]} Ka3 {[%emt 0:00:01]} 75. Rxh5 {[%emt 0:00:14]} Rxe4 {[%emt 0:00:02]} 76. Na7 {[%emt 0:00:04]} Ka2 {[%emt 0:00:04]} 77. Nb5 {[%emt 0:00:02]} Rc4+ {[%emt 0:00:03]} 78. Nc3+ {[%emt 0:00:01]} Ka3 {[%emt 0:00:04]} 79. Kd3 {[%emt 0:00:02]} Kb3 {[%emt 0:00:07]} 80. Rb5+ {[%emt 0:00:02]} Rb4 {[%emt 0:00:00]} 81. Rc5 {[%emt 0:00:05]} a3 {[%emt 0:00:09]} 82. Rxc7 {[%emt 0:00:02]} Rc4 {[%emt 0:00:01]} 83. Rxc4 {[%emt 0:00:16]} Nxc4 {[%emt 0:00:01]} 84. Kd4 {[%emt 0:00:01]} Nd6 {[%emt 0:00:05]} 85. Kd3 {[%emt 0:00:03]} Nc8 {[%emt 0:00:04]} 86. Kd2 {[%emt 0:00:10]} Ne7 {[%emt 0:00:04]} 87. Ne2 {[%emt 0:00:03]} Kb2 {[%emt 0:00:05]} 88. Nc1 {[%emt 0:00:06]} Nd5 {[%emt 0:00:06]} 89. Nd3+ {[%emt 0:00:04]} Kb1 {[%emt 0:00:04]} 90. Nc1 {[%emt 0:00:05]} Nb6 {[%emt 0:00:03]} 91. Nb3 {[%emt 0:00:16]} a2 {[%emt 0:00:10]} 92. Kc3 {[%emt 0:00:03]} Nd5+ {[%emt 0:00:02]} 93. Kd4 {[%emt 0:00:08]} Kb2 {[%emt 0:00:01]} 94. Kc4 {[%emt 0:00:02]} Ka3 {[%emt 0:00:17]} 95. Na1 {[%emt 0:00:03]} Kb2 {[%emt 0:00:01]} 96. Nb3 {[%emt 0:00:02]} Ne3+ {[%emt 0:00:01]} 97. Kb4 {[%emt 0:00:02]} Nc2+ {[%emt 0:00:02]} 98. Kc4 {[%emt 0:00:08]} Nd4 {[%emt 0:00:02]} 99. Na1 {[%emt 0:00:06]} Kxa1 {[%emt 0:00:03]} 0-1

[Event "Belt and Road Women-ch 2020"]
[Site "Xi'an"]
[Date "2020.12.05"]
[Round "7.5"]
[White "Dzagnidze, Nana"]
[Black "Tan, Zhongyi"]
[Result "0-1"]
[WhiteElo "2524"]
[BlackElo "2510"]
[Annotator "ChessBase"]
[PlyCount "188"]
[EventDate "2020.12.03"]
[EventCountry "CHN"]
[SourceTitle "playchess.com"]
[Source "ChessBase"]
[SourceQuality "1"]
[TimeControl "900+5"]

1. c4 {[%emt 0:00:01]} Nf6 {[%emt 0:00:06]} 2. Nf3 {[%emt 0:00:03]} e6 {[%emt 0:00:05]} 3. Nc3 {[%emt 0:00:14]} d5 {[%emt 0:00:02]} 4. e3 {[%emt 0:00:03]} b6 {[%emt 0:00:22]} 5. b3 {[%emt 0:00:36]} Bb7 {[%emt 0:00:02]} 6. Bb2 {[%emt 0:00:02]} Bd6 {[%emt 0:00:04]} 7. d4 {[%emt 0:00:29]} O-O {[%emt 0:00:11]} 8. Qc2 {[%emt 0:00:09]} Nbd7 {[%emt 0:00:26]} 9. cxd5 {[%emt 0:02:29]} exd5 {[%emt 0:00:05]} 10. Bd3 {[%emt 0:00:03]} a6 {[%emt 0:00:17]} 11. O-O {[%emt 0:00:03]} Re8 {[%emt 0:00:22]} 12. a4 {[%emt 0:00:12]} Qe7 {[%emt 0:00:08]} 13. Ne2 {[%emt 0:00:50]} Ne4 {[%emt 0:00:09]} 14. Ng3 {[%emt 0:00:18]} g6 {[%emt 0:00:10]} 15. Bxe4 {[%emt 0:00:19]} dxe4 {[%emt 0:00:04]} 16. Nd2 {[%emt 0:00:01]} h5 {[%emt 0:00:22]} 17. d5 {[%emt 0:02:16]} Bxd5 {[%emt 0:00:12]} 18. Ne2 {[%emt 0:02:22]} Be5 {[%emt 0:02:56]} 19. Rfd1 {[%emt 0:00:20]} Bxb2 {[%emt 0:00:10]} 20. Qxb2 {[%emt 0:00:01]} Nc5 {[%emt 0:01:06]} 21. Nf4 {[%emt 0:00:51]} Rad8 {[%emt 0:00:13]} 22. Qc3 {[%emt 0:00:37]} a5 {[%emt 0:00:31]} 23. Nc4 {[%emt 0:00:56]} Bxc4 {[%emt 0:00:24]} 24. Qxc4 {[%emt 0:00:01]} Rxd1+ {[%emt 0:01:48]} 25. Rxd1 {[%emt 0:00:00]} Rd8 {[%emt 0:00:16]} 26. Rxd8+ {[%emt 0:00:07]} Qxd8 {[%emt 0:00:02]} 27. h4 {[%emt 0:00:01]} Qd1+ {[%emt 0:00:28]} 28. Kh2 {[%emt 0:00:01]} Qxb3 {[%emt 0:00:40]} 29. Qd4 {[%emt 0:00:02]} Ne6 {[%emt 0:01:28]} 30. Qxe4 {[%emt 0:02:03]} Nxf4 {[%emt 0:00:08]} 31. Qxf4 {[%emt 0:00:01]} b5 {[%emt 0:00:40]} 32. axb5 {[%emt 0:00:16]} Qxb5 {[%emt 0:00:01]} 33. Qxc7 {[%emt 0:00:03]} a4 {[%emt 0:00:02]} 34. e4 {[%emt 0:00:09]} a3 {[%emt 0:00:16]} 35. Qd8+ {[%emt 0:00:22]} Kh7 {[%emt 0:00:09]} 36. Qf6 {[%emt 0:00:46]} Qb3 {[%emt 0:00:02]} 37. f4 {[%emt 0:00:02]} Qe6 {[%emt 0:00:12]} 38. Qa1 {[%emt 0:00:17]} a2 {[%emt 0:00:10]} 39. f5 {[%emt 0:00:25]} gxf5 {[%emt 0:00:03]} 40. exf5 {[%emt 0:00:01]} Qd6+ {[%emt 0:00:04]} 41. Kh3 {[%emt 0:00:09]} Qd3+ {[%emt 0:00:17]} 42. Kh2 {[%emt 0:00:02]} Qd6+ {[%emt 0:00:37]} 43. Kh3 {[%emt 0:00:01]} Qa3+ {[%emt 0:00:01]} 44. Kh2 {[%emt 0:00:03]} Kg8 {[%emt 0:00:04]} 45. f6 {[%emt 0:00:15]} Qd6+ {[%emt 0:00:09]} 46. Kh3 {[%emt 0:00:04]} Qd3+ {[%emt 0:00:02]} 47. Kh2 {[%emt 0:00:02]} Qb1 {[%emt 0:00:05]} 48. Qe5 {[%emt 0:00:03]} Qg6 {[%emt 0:01:15]} 49. Qb2 {[%emt 0:00:02]} Qg4 {[%emt 0:00:27]} 50. Qxa2 {[%emt 0:00:16]} Qxh4+ {[%emt 0:00:01]} 51. Kg1 {[%emt 0:00:01]} Qxf6 {[%emt 0:00:04]} 52. Qd5 {[%emt 0:00:06]} Qg6 {[%emt 0:00:12]} 53. Kh2 {[%emt 0:00:08]} Kg7 {[%emt 0:00:03]} 54. Qe5+ {[%emt 0:00:03]} Kh7 {[%emt 0:00:03]} 55. Qf4 {[%emt 0:00:06]} Qe6 {[%emt 0:00:13]} 56. Qf3 {[%emt 0:00:12]} Qe5+ {[%emt 0:00:06]} 57. Kh1 {[%emt 0:00:03]} Kg6 {[%emt 0:00:02]} 58. Qd3+ {[%emt 0:00:03]} f5 {[%emt 0:00:07]} 59. Qd2 {[%emt 0:00:03]} h4 {[%emt 0:00:05]} 60. Qd8 {[%emt 0:00:03]} Kh5 {[%emt 0:00:11]} 61. Qg8 {[%emt 0:00:05]} Qf6 {[%emt 0:00:19]} 62. Kh2 {[%emt 0:00:07]} Qe5+ {[%emt 0:00:05]} 63. Kh1 {[%emt 0:00:11]} Qf4 {[%emt 0:00:05]} 64. Qe8+ {[%emt 0:00:08]} Kg4 {[%emt 0:00:07]} 65. Qg8+ {[%emt 0:00:04]} Qg5 {[%emt 0:00:02]} 66. Qc4+ {[%emt 0:00:04]} Kg3 {[%emt 0:00:29]} 67. Qd3+ {[%emt 0:00:02]} Kf2 {[%emt 0:00:04]} 68. Qc2+ {[%emt 0:00:01]} Ke1 {[%emt 0:00:04]} 69. Qb1+ {[%emt 0:00:03]} Kd2 {[%emt 0:00:09]} 70. Qb2+ {[%emt 0:00:01]} Kd3 {[%emt 0:00:05]} 71. Qb3+ {[%emt 0:00:01]} Ke2 {[%emt 0:00:08]} 72. Qc2+ {[%emt 0:00:03]} Ke1 {[%emt 0:00:04]} 73. Qb1+ {[%emt 0:00:01]} Kd2 {[%emt 0:00:04]} 74. Qb2+ {[%emt 0:00:02]} Kd3 {[%emt 0:00:07]} 75. Qb3+ {[%emt 0:00:01]} Ke4 {[%emt 0:00:03]} 76. Qc4+ {[%emt 0:00:07]} Ke5 {[%emt 0:00:02]} 77. Qc3+ {[%emt 0:00:09]} Ke6 {[%emt 0:00:01]} 78. Qc8+ {[%emt 0:00:10]} Kf7 {[%emt 0:00:03]} 79. Qd7+ {[%emt 0:00:05]} Kg6 {[%emt 0:00:08]} 80. Qe8+ {[%emt 0:00:02]} Kg7 {[%emt 0:00:04]} 81. Qd7+ {[%emt 0:00:04]} Kh6 {[%emt 0:00:01]} 82. Qe6+ {[%emt 0:00:12]} Kh5 {[%emt 0:00:11]} 83. Qe8+ {[%emt 0:00:02]} Qg6 {[%emt 0:00:01]} 84. Qe2+ {[%emt 0:00:07]} Qg4 {[%emt 0:00:07]} 85. Qe8+ {[%emt 0:00:02]} Kg5 {[%emt 0:00:04]} 86. Qd8+ {[%emt 0:00:01]} Kg6 {[%emt 0:00:06]} 87. Qd6+ {[%emt 0:00:07]} Kh5 {[%emt 0:00:01]} 88. Qe5 {[%emt 0:00:20]} Qe4 {[%emt 0:00:18]} 89. Qh8+ {[%emt 0:00:07]} Kg5 {[%emt 0:00:06]} 90. Qg7+ {[%emt 0:00:02]} Kf4 {[%emt 0:00:10]} 91. Kh2 {[%emt 0:00:03]} Qe5 {[%emt 0:00:08]} 92. Qg8 {[%emt 0:00:04]} Ke3+ {[%emt 0:00:05]} 93. Kg1 {[%emt 0:00:15]} Qa1+ {[%emt 0:00:02]} 94. Kh2 {[%emt 0:00:01]} Kf2 {[%emt 0:00:05]} 0-1

[Event "Belt and Road Women-ch 2020"]
[Site "Xi'an"]
[Date "2020.12.06"]
[Round "8.1"]
[White "Abdumalik, Zhansaya"]
[Black "Tan, Zhongyi"]
[Result "1-0"]
[WhiteElo "2478"]
[BlackElo "2510"]
[Annotator "ChessBase"]
[PlyCount "139"]
[EventDate "2020.12.03"]
[EventCountry "CHN"]
[SourceTitle "playchess.com"]
[Source "ChessBase"]
[SourceQuality "1"]
[TimeControl "900+5"]

1. e4 {[%emt 0:00:01]} e5 {[%emt 0:00:03]} 2. Nf3 {[%emt 0:00:01]} Nc6 {[%emt 0:00:01]} 3. Bb5 {[%emt 0:00:01]} a6 {[%emt 0:00:01]} 4. Ba4 {[%emt 0:00:01]} Nf6 {[%emt 0:00:01]} 5. O-O {[%emt 0:00:01]} Be7 {[%emt 0:00:01]} 6. Re1 {[%emt 0:00:01]} b5 {[%emt 0:00:01]} 7. Bb3 {[%emt 0:00:01]} d6 {[%emt 0:00:00]} 8. c3 {[%emt 0:00:01]} O-O {[%emt 0:00:02]} 9. h3 {[%emt 0:00:02]} h6 {[%emt 0:00:01]} 10. d4 {[%emt 0:00:28]} Re8 {[%emt 0:00:02]} 11. Nbd2 {[%emt 0:00:08]} Bf8 {[%emt 0:00:02]} 12. Nf1 {[%emt 0:00:12]} Bd7 {[%emt 0:00:09]} 13. Ng3 {[%emt 0:00:26]} Na5 {[%emt 0:00:02]} 14. Bc2 {[%emt 0:00:07]} c5 {[%emt 0:00:01]} 15. d5 {[%emt 0:00:39]} Nc4 {[%emt 0:00:02]} 16. b3 {[%emt 0:00:58]} Nb6 {[%emt 0:00:02]} 17. Be3 {[%emt 0:00:04]} a5 {[%emt 0:00:04]} 18. a4 {[%emt 0:00:47]} bxa4 {[%emt 0:00:11]} 19. bxa4 {[%emt 0:00:02]} Nc4 {[%emt 0:00:01]} 20. Bc1 {[%emt 0:00:11]} Rb8 {[%emt 0:00:02]} 21. Qe2 {[%emt 0:00:26]} Nb6 {[%emt 0:00:02]} 22. Nf1 {[%emt 0:00:09]} Re7 {[%emt 0:00:18]} 23. Ne3 {[%emt 0:00:13]} Qe8 {[%emt 0:00:07]} 24. Qd1 {[%emt 0:00:44]} Bc8 {[%emt 0:00:03]} 25. Bd3 {[%emt 0:00:21]} Bd7 {[%emt 0:00:21]} 26. Bc2 {[%emt 0:00:05]} Bc8 {[%emt 0:00:01]} 27. Nd2 {[%emt 0:00:21]} Ra7 {[%emt 0:00:08]} 28. Ndc4 {[%emt 0:00:31]} Nxc4 {[%emt 0:00:02]} 29. Nxc4 {[%emt 0:00:01]} Qd8 {[%emt 0:00:26]} 30. Na3 {[%emt 0:00:26]} g6 {[%emt 0:01:24]} 31. Bd3 {[%emt 0:00:43]} Nh5 {[%emt 0:00:43]} 32. Qf3 {[%emt 0:00:12]} Qh4 {[%emt 0:00:26]} 33. Bf1 {[%emt 0:00:35]} Kh7 {[%emt 0:01:00]} 34. Nb5 {[%emt 0:00:10]} Rab7 {[%emt 0:00:03]} 35. g3 {[%emt 0:00:11]} Qd8 {[%emt 0:00:14]} 36. Bd2 {[%emt 0:00:09]} Ng7 {[%emt 0:00:16]} 37. c4 {[%emt 0:00:18]} f5 {[%emt 0:00:09]} 38. Qe3 {[%emt 0:00:17]} g5 {[%emt 0:00:15]} 39. exf5 {[%emt 0:00:05]} Nxf5 {[%emt 0:00:16]} 40. Bd3 {[%emt 0:00:08]} Kg8 {[%emt 0:00:08]} 41. Qf3 {[%emt 0:00:13]} Rf7 {[%emt 0:00:30]} 42. Qg2 {[%emt 0:00:46]} Nd4 {[%emt 0:00:44]} 43. Nxd4 {[%emt 0:00:54]} cxd4 {[%emt 0:00:01]} 44. Rab1 {[%emt 0:00:01]} Rxb1 {[%emt 0:01:19]} 45. Rxb1 {[%emt 0:00:01]} Bd7 {[%emt 0:00:01]} 46. Qe4 {[%emt 0:00:32]} Bf5 {[%emt 0:00:06]} 47. Qe2 {[%emt 0:00:12]} Qf6 {[%emt 0:01:38]} 48. Be1 {[%emt 0:00:45]} Qg6 {[%emt 0:00:36]} 49. Rb3 {[%emt 0:00:30]} e4 {[%emt 0:02:00]} 50. Bb1 {[%emt 0:00:13]} d3 {[%emt 0:00:26]} 51. Qe3 {[%emt 0:00:53]} Bxh3 {[%emt 0:00:07]} 52. Rb8 {[%emt 0:00:01]} Kh7 {[%emt 0:00:45]} 53. Re8 {[%emt 0:00:25]} Bf5 {[%emt 0:00:25]} 54. g4 {[%emt 0:00:13]} Bxg4 {[%emt 0:00:01]} 55. Rxe4 {[%emt 0:00:04]} Bf5 {[%emt 0:01:29]} 56. Bxd3 {[%emt 0:00:08]} Qh5 {[%emt 0:00:10]} 57. Re6 {[%emt 0:00:23]} Qg4+ {[%emt 0:00:10]} 58. Kf1 {[%emt 0:00:09]} Bg7 {[%emt 0:00:17]} 59. Bxf5+ {[%emt 0:00:14]} Rxf5 {[%emt 0:00:03]} 60. Qe4 {[%emt 0:00:12]} Qh3+ {[%emt 0:00:09]} 61. Ke2 {[%emt 0:00:09]} Be5 {[%emt 0:00:33]} 62. c5 {[%emt 0:00:12]} Kg7 {[%emt 0:00:05]} 63. cxd6 {[%emt 0:00:23]} Bf6 {[%emt 0:00:03]} 64. d7 {[%emt 0:00:16]} Qh5+ {[%emt 0:00:16]} 65. f3 {[%emt 0:00:43]} Rf4 {[%emt 0:00:16]} 66. Re7+ {[%emt 0:00:12]} Bxe7 {[%emt 0:00:04]} 67. Qxe7+ {[%emt 0:00:01]} Kg6 {[%emt 0:00:02]} 68. Qe8+ {[%emt 0:00:13]} Rf7 {[%emt 0:00:03]} 69. Qe4+ {[%emt 0:00:10]} Rf5 {[%emt 0:00:07]} 70. d8=Q {[%emt 0:00:03]} 1-0

[Event "Belt and Road Women-ch 2020"]
[Site "Xi'an"]
[Date "2020.12.06"]
[Round "8.2"]
[White "Lei, Tingjie"]
[Black "Dzagnidze, Nana"]
[Result "1-0"]
[WhiteElo "2505"]
[BlackElo "2524"]
[Annotator "ChessBase"]
[PlyCount "81"]
[EventDate "2020.12.03"]
[EventCountry "CHN"]
[SourceTitle "playchess.com"]
[Source "ChessBase"]
[SourceQuality "1"]
[TimeControl "900+5"]

1. e4 {[%emt 0:00:02]} c5 {[%emt 0:00:05]} 2. Nf3 {[%emt 0:00:03]} Nc6 {[%emt 0:00:01]} 3. d4 {[%emt 0:00:01]} cxd4 {[%emt 0:00:01]} 4. Nxd4 {[%emt 0:00:01]} e6 {[%emt 0:00:02]} 5. Nc3 {[%emt 0:00:02]} Qc7 {[%emt 0:00:02]} 6. g3 {[%emt 0:00:01]} a6 {[%emt 0:00:04]} 7. Bg2 {[%emt 0:00:02]} Nf6 {[%emt 0:00:17]} 8. O-O {[%emt 0:00:03]} Bb4 {[%emt 0:01:25]} 9. Nxc6 {[%emt 0:01:32]} bxc6 {[%emt 0:01:11]} 10. Bf4 {[%emt 0:01:43]} e5 {[%emt 0:00:32]} 11. Be3 {[%emt 0:00:21]} O-O {[%emt 0:00:15]} 12. Na4 {[%emt 0:00:15]} Rb8 {[%emt 0:00:28]} 13. c4 {[%emt 0:00:07]} Be7 {[%emt 0:01:01]} 14. c5 {[%emt 0:00:02]} Rb4 {[%emt 0:00:05]} 15. Qc2 {[%emt 0:01:07]} a5 {[%emt 0:02:35]} 16. Rfd1 {[%emt 0:00:32]} Ba6 {[%emt 0:00:20]} 17. b3 {[%emt 0:01:12]} h6 {[%emt 0:00:41]} 18. Rac1 {[%emt 0:00:25]} Ng4 {[%emt 0:02:05]} 19. Bd2 {[%emt 0:00:04]} Rd4 {[%emt 0:00:02]} 20. h3 {[%emt 0:01:49]} Nf6 {[%emt 0:01:37]} 21. Be3 {[%emt 0:00:03]} Rxd1+ {[%emt 0:00:10]} 22. Rxd1 {[%emt 0:00:06]} Bb5 {[%emt 0:00:20]} 23. Nb6 {[%emt 0:00:13]} d6 {[%emt 0:00:11]} 24. cxd6 {[%emt 0:00:47]} Bxd6 {[%emt 0:00:00]} 25. a4 {[%emt 0:00:01]} Ba6 {[%emt 0:00:15]} 26. Rc1 {[%emt 0:00:05]} Bb4 {[%emt 0:01:50]} 27. Qxc6 {[%emt 0:05:00]} Qxc6 {[%emt 0:00:03]} 28. Rxc6 {[%emt 0:00:01]} Bb7 {[%emt 0:00:04]} 29. Rc7 {[%emt 0:00:26]} Bxe4 {[%emt 0:00:04]} 30. Bxe4 {[%emt 0:00:01]} Nxe4 {[%emt 0:00:00]} 31. Nc4 {[%emt 0:00:02]} f6 {[%emt 0:00:26]} 32. Ra7 {[%emt 0:00:07]} Rb8 {[%emt 0:00:24]} 33. Nxa5 {[%emt 0:00:03]} Bxa5 {[%emt 0:00:02]} 34. Rxa5 {[%emt 0:00:01]} Rxb3 {[%emt 0:00:01]} 35. Ra8+ {[%emt 0:00:01]} Kf7 {[%emt 0:00:09]} 36. a5 {[%emt 0:00:05]} Nxg3 {[%emt 0:00:09]} 37. a6 {[%emt 0:00:02]} Nf5 {[%emt 0:00:06]} 38. a7 {[%emt 0:00:08]} Ra3 {[%emt 0:00:49]} 39. Bc5 {[%emt 0:00:05]} Ra1+ {[%emt 0:00:05]} 40. Kh2 {[%emt 0:00:11]} Ne7 {[%emt 0:00:14]} 41. Rb8 {[%emt 0:00:10]} 1-0